000 01468nam0a2200361 4500
001 RU\NLR\bibl\197227
005 20260409070024.0
021 _aRU
_b2001-14167
_9665
035 _a(NLR Aleph) 000193670
090 _a1120711
_c1120711
100 _a20010619d2000 |||y0rusy50 ca
101 0 _arus
102 _aRU
105 _ay |||||||||
200 1 _aДеньги. Кредит. Банки
_eКурс лекций
_fМ. Б. Турковская, А. Б. Ковыров
_gМ-во образования Рос. Федерации, Юж.-Ур. гос. ун-т. Каф. экономики и финансов
210 _aЧелябинск
_cИзд-во ЮУргу
_d2000
215 _a47,[1] с.
_d20
320 _aБиблиогр.: с. 46-47
606 _aДеньги
_jРуководства, пособия и т.п. для высшей школы
_3RU\NLR\auth\66119889
_91112435
606 _aДеньги
_jУчебные издания для высшей школы
_3RU\NLR\auth\66119889
_91112435
610 0 _aДеньги и денежное обращение
675 _a336.7(042.3)
_v3
_zrus
686 _a06.75
_2rugasnti
686 _a65.262я73
_2rubbk
686 _aУ26(2)26я73
700 1 _aТурковская
_bМ. Б.
_4070
701 1 _aКовыров
_bА. Б.
_4070
801 0 _aRU
_bRKP
_c20010619
_gPSBO
801 1 _aRU
_bRKP
_c20010619
801 2 _aRU
_bNLR
_c20020204
_grcr
942 _cBOOK
980 _aNB